LEADER 01539oam 2200397M 450 001 9910716504503321 005 20210706143243.0 035 $a(CKB)5470000002523115 035 $a(OCoLC)1065769247 035 $a(OCoLC)995470000002523115 035 $a(EXLCZ)995470000002523115 100 $a20071213d1926 ua 0 101 0 $aeng 135 $aurcn||||||||| 181 $ctxt$2rdacontent 182 $cc$2rdamedia 183 $acr$2rdacarrier 200 10$aConsideration of bill providing for a uniform system of bankruptcy. April 13, 1926. -- Referred to the House Calendar and ordered to be printed 210 1$a[Washington, D.C.] :$c[U.S. Government Printing Office],$d1926. 215 $a1 online resource (1 pages) 225 1 $aHouse report / 69th Congress, 1st session. House ;$vno. 874 225 1 $a[United States congressional serial set] ;$v[serial no. 8536.] 300 $aBatch processed record: Metadata reviewed, not verified. Some fields updated by batch processes. 300 $aFDLP item number not assigned. 606 $aBankruptcy 608 $aLegislative materials.$2lcgft 615 0$aBankruptcy. 701 $aSnell$b Bertrand Hollis$f1870-1958$pRepublican (NY)$01388514 801 0$bWYU 801 1$bWYU 801 2$bOCLCO 801 2$bOCLCQ 906 $aBOOK 912 $a9910716504503321 996 $aConsideration of bill providing for a uniform system of bankruptcy. April 13, 1926. -- Referred to the House Calendar and ordered to be printed$93546706 997 $aUNINA LEADER 01604nas 2200481- 450 001 9910447053503321 005 20240912213021.0 011 $a2712-0562 035 $a(OCoLC)1303396605 035 $a(CKB)4100000011815584 035 $a(CONSER)--2022242389 035 $a(DE-599)ZDB3071148-4 035 $a(EXLCZ)994100000011815584 100 $a20210505a20199999 --- - 101 0 $aeng 135 $aur||||||||||| 181 $ctxt$2rdacontent 182 $cc$2rdamedia 183 $acr$2rdacarrier 200 00$aSustainable engineering and innovation 210 1$aIlija? :$cAssociation Research and Development Academy,$d2019- 215 $a1 online resource 300 $aRefereed/Peer-reviewed. 300 $aRefereed/Peer-reviewed 517 1 $aSEI 531 1 $aSustain. Eng. Innov. 606 $aSustainable engineering$vPeriodicals 606 $aSustainable engineering$xTechnological innovations$vPeriodicals 606 $aSustainable development$vPeriodicals 606 $aSustainable development$2fast$3(OCoLC)fst01139731 606 $aSustainable engineering$2fast$3(OCoLC)fst01739808 608 $aPeriodicals.$2fast 608 $aPeriodicals.$2lcgft 615 0$aSustainable engineering 615 0$aSustainable engineering$xTechnological innovations 615 0$aSustainable development 615 7$aSustainable development. 615 7$aSustainable engineering. 712 02$aResearch and Development Academy, 906 $aJOURNAL 912 $a9910447053503321 996 $aSustainable Engineering and Innovation$92838687 997 $aUNINA